| 000 | 00941nam a2200253 i 4500 | ||
|---|---|---|---|
| 001 | 169258 | ||
| 003 | ES-MaACL | ||
| 005 | 20250812062603.0 | ||
| 008 | 080826s19601960sp |||| | spa d | ||
| 017 | _aM 7.861-1960 | ||
| 080 | _a7(042) | ||
| 100 | 1 |
_aSedlmayr, Hans. _9105073 |
|
| 245 | 1 | 3 |
_aEl arte en la era técnica / _cHans Sedlmayr. |
| 260 |
_aMadrid : _bAteneo, _c1960 ( _f"Gráficas Benzal") |
||
| 300 |
_a24 p., [3] h., [1] h. de lám. ; _c19 cm. |
||
| 490 | 1 |
_aO crece o muere ; _v140 |
|
| 500 | _a"Este trabajo fue dado a conocer por su autor en la conferencia pronunciada en el Ateneo de Madrid el día 6 de mayo de 1960, en el ciclo 'El hombre y la sociedad de masas' " | ||
| 504 | _aBibliografía. | ||
| 610 | 2 |
_aAteneo de Madrid- _vConferencias- _y1940-1982. _91908 |
|
| 650 | 0 | 7 |
_aArte _2embne _910068 |
| 830 | 0 | 0 |
_aColección "O crece o muere" _v140 _9183476 |
| 852 | 4 |
_aES-MaACL _j2243-F-8 |
|
| 999 |
_c169258 _d169258 |
||